LEADER 01207nam a2200241 i 4500 001 000000059299 003 CaOOAMICUS 005 20121012000000.0 008 121012s1942 xx u000 u lat u 013 $a30471 040 $aSeMil$bita 100 1 $aMuratori, Ludovico Antonio,$d<1672-1750>.$0(OLS)http://semarc/name/3167 240 10$a1. De codice Carolino. 2. Pareri legali.$0(OLS)http://semarc/title/92621 245 10$aScritti giuridici :$bcomplementari del trattato del 1742 "Dei difetti della Giurisprudenza" /$cLodovico Antonio Muratori ; Testi inediti con annotazioni a cura di Benvenuto Donati. 260 $aModena :$bSocietà Tipografica Modenese,$c1942. 300 $a166 p. ;$c30 cm. 500 $aContiene : Appendice. 650 4$aDiritto - Storia.$0(OLS)http://semarc/subject/6500 700 1 $aDonati, Benvenuto.$0(OLS)http://semarc/name/30267 850 $aSeMil 852 $aSeMil$W1$xVenegono$y1$m2J IV 110$j25452$B25452$CSeMilBibl$Z2$F25455 $81 996 $6245$aScritti giuridici :$bcomplementari del trattato del 1742 "Dei difetti della Giurisprudenza"$9(OLS)http://semarc/title/92620 996 $6260$aModena :$bSocietà Tipografica Modenese$9(OLS)http://semarc/publisher/34709 LEADER 00892nam a2200217 i 4500 001 000000207560 003 CaOOAMICUS 005 20111102000000.0 008 111102s1847 it u000 u ita u 013 $a186338 040 $aSeMil$bita 100 0 $aHomerus,$d.$0(OLS)http://semarc/name/1139 245 10$aVol. 1. 260 $aMilano :$bCoi tipi di Giuseppe Redaelli,$c1847. 300 $aLI, 299 p. 700 1 $aMaspero, Paolo,$d<1811-1896>.$0(OLS)http://semarc/name/11406 773 0 $aHomerus $tOdissea di Omero.$b2. Ed. riveduta dal traduttore.$dMilano : Tip. Giuseppe Redaelli, 1847.$g1$w()25689 850 $aSeMil 852 $aSeMil$W1$xVenegono$y1$m1P IV 17 FA$j158019$B158019$CSeMilBibl$Z2$F169280 $8I 996 $6245$aVol. 1$9(OLS)http://semarc/title/13429 996 $6260$aMilano :$bCoi tipi di Giuseppe Redaelli$9(OLS)http://semarc/publisher/31296